| 000 | 00758 a2200169 4500 | ||
|---|---|---|---|
| 003 | NUST | ||
| 005 | 20221117133314.0 | ||
| 040 | _cNust | ||
| 082 |
_a515,LAB _bLabarre, Anthony E. |
||
| 100 |
_aLabarre, Anthony E. _9102874 |
||
| 245 |
_aIntermediate mathematical analysis / _cAnthony E. Labarre |
||
| 260 |
_aNew York _bRinehart _c1968 |
||
| 300 | _a253 p.: | ||
| 505 | _aSets Relations and Functions (Page-1),The Real Numbers (Page-30), The Limit Concept (Page-55), Three Important Theorems (Page-77), Continuity (Page-98), Differentiability (Page-115), Inerrability (Page-144), Sequences of Functions: An Existence Theorem in Differential Equations (Page-174), Fourier Series (Page-202). | ||
| 650 | _aMathematical Analysis | ||
| 942 |
_2ddc _cBK _k515,LAB |
||
| 999 |
_c193399 _d193399 |
||